000 01351cam a22003374a 4500
001 13324094
003 OSt
005 20230915110600.0
008 030826s2004 ilua b 001 0 eng
010 _a 2003019033
020 _a0736000151 (hard)
040 _aDLC
_cDLC
_dDLC
042 _apcc
050 0 0 _aGV428.7
_b.N73 2004
082 0 0 _a613.71
_bEAR/N
245 0 0 _aNSCA's essentials of personal training /
_cNational Strength and Conditioning Association ; Roger W. Earle, Thomas R. Baechle, editors.
260 _aChampaign, IL :
_bHuman Kinetics,
_cc2004.
300 _axii, 676 p. :
_bill. (some col.) ;
_c29 cm.
504 _aIncludes bibliographical references and index.
650 0 _aPersonal trainers.
650 0 _aPhysical education and training.
650 0 _aMuscle strength.
650 0 _aPhysical fitness
_xPhysiological aspects.
700 1 _aEarle, Roger W.,
_d1967-
_99469
700 1 _aBaechle, Thomas R.,
_d1943-
710 2 _aNational Strength & Conditioning Association (U.S.)
856 4 1 _3Table of contents
_uhttp://www.loc.gov/catdir/toc/ecip048/2003019033.html
906 _a7
_bcbc
_corignew
_d1
_eecip
_f20
_gy-gencatlg
942 _2ddc
_cBK
_h613.71
_iEAR/N
_k613.71
_mEAR/N
999 _c42500
_d42500